Les drapeaux des monarchies du monde - Statistiques

Statistiques générales
  • Ce quiz a été pris 632 fois
  • Le résultat moyen est 37 sur 44
Statistiques - réponses
Par images Réponse % Correct
Canada
98%
Espagne
98%
Japon
98%
Arabie Saoudite
97%
Australie
97%
Belgique
97%
Maroc
96%
Royaume-Uni
96%
Suède
96%
Danemark
95%
Jamaïque
95%
Norvège
95%
Nouvelle-Zélande
95%
Pays-Bas
94%
Qatar
94%
Monaco
93%
Andorre
92%
Luxembourg
92%
Cambodge
91%
Vatican
90%
Bhoutan
88%
Thaïlande
88%
Bahrein
85%
Malaisie
85%
Liechtenstein
84%
Emirats arabes unis
83%
Jordanie
80%
Koweit
76%
Brunei
75%
Tonga
75%
Bahamas
74%
Belize
74%
Oman
74%
Papouasie-Nouvelle-Guinée
74%
Antigua-et-Barbuda
73%
Eswatini
73%
Iles {Salomon}
73%
Sainte-Lucie
73%
Lesotho
72%
Samoa
70%
Grenade
67%
Tuvalu
67%
Saint-Vincent-et-les-Grenadines
65%
Saint-Christophe-et-Niévès
60%
Aucun quiz correspondant
Distribution des résultats
% des personnes avec chaque résultat
Percentile par nombre de réponses
Votre historique - résultats
Vous n’avez pas pris ce quiz